000 00672nam a2200253Ia 4500
003 OSt
005 20220918165309.0
006 a|||||r|||| 00| 0
007 ta
008 220917b |||||||| |||| 00| 0 eng d
020 _a1859846254 (hbk)
024 _a157,593
037 _cTextual
040 _aARTS
_cARTS
_beng
041 _2eng
_aeng
082 _aX:6.73.N, P1
100 _aMinns Richard
_923610
245 0 _aCold war in welfare
_b stock markets versus pensions
260 _aLondon
_bVerso
_c2001
300 _axi, 240p.
_ccm.
650 _aECONOMICS
942 _hX:6.73.N, P1
_cTEXL
_2CC
999 _c129137
_d129137